<?xml version="1.0" encoding="UTF-8"?>
<record
    xmlns:xsi="http://www.w3.org/2001/XMLSchema-instance"
    xsi:schemaLocation="http://www.loc.gov/MARC21/slim http://www.loc.gov/standards/marcxml/schema/MARC21slim.xsd"
    xmlns="http://www.loc.gov/MARC21/slim">

  <leader>01817nab a2200229uuc4500</leader>
  <controlfield tag="001">1447457</controlfield>
  <controlfield tag="005">20240202124723.0</controlfield>
  <controlfield tag="008">160805e20151205                    spa  </controlfield>
  <datafield tag="035" ind1=" " ind2=" ">
    <subfield code="a">1447457</subfield>
  </datafield>
  <datafield tag="040" ind1=" " ind2=" ">
    <subfield code="c">comduadb</subfield>
  </datafield>
  <datafield tag="041" ind1=" " ind2=" ">
    <subfield code="a">spa</subfield>
  </datafield>
  <datafield tag="100" ind1="1" ind2="0">
    <subfield code="a">Bustamante R&#xFA;a, Mois&#xE9;s Oswaldo</subfield>
    <subfield code="4">aut</subfield>
    <subfield code="e">aut</subfield>
    <subfield code="9">699057</subfield>
  </datafield>
  <datafield tag="245" ind1="1" ind2="0">
    <subfield code="a">Efecto del material fino en la reolog&#xED;a de suspensiones de caol&#xED;n</subfield>
  </datafield>
  <datafield tag="520" ind1="3" ind2=" ">
    <subfield code="a">RESUMEN: Una buena caracterizaci&#xF3;n reol&#xF3;gica puede ser usada como par&#xE1;metro de control dentro del procesamiento industrial del caol&#xED;n. El caol&#xED;n de trabajo se caracteriz&#xF3; mediante SEM, DRX, FRX y tama&#xF1;o de part&#xED;cula. Tres tama&#xF1;os de material fino, clasificado y separado, se introdujeron en suspensiones con tres distribuciones de tama&#xF1;o diferente; el an&#xE1;lisis reol&#xF3;gico se bas&#xF3; en estudiar la influencia del material fino sobre la viscosidad de la suspensi&#xF3;n. Los resultados muestran que es posible la modificaci&#xF3;n de la viscosidad alterando el contenido de finos sin cambiar la concentraci&#xF3;n en peso de una suspensi&#xF3;n. Suspensiones de caol&#xED;n con contenidos de finos alrededor de 40% tienden a disminuir su valor de viscosidad. Suspensiones con cantidades de finos mayores a 60%, aumentan el valor de su viscosidad. En la investigaci&#xF3;n tambi&#xE9;n se presentan los mecanismos propuestos por los cuales la presencia de finos aumenta o disminuye el valor de la viscosidad de una suspensi&#xF3;n.</subfield>
  </datafield>
  <datafield tag="650" ind1=" " ind2=" ">
    <subfield code="a">Caol&#xED;n</subfield>
    <subfield code="9">4737</subfield>
  </datafield>
  <datafield tag="650" ind1=" " ind2=" ">
    <subfield code="a">Reolog&#xED;a</subfield>
    <subfield code="9">41509</subfield>
  </datafield>
  <datafield tag="650" ind1=" " ind2=" ">
    <subfield code="a">Viscosidad</subfield>
    <subfield code="9">4483</subfield>
  </datafield>
  <datafield tag="700" ind1="1" ind2="0">
    <subfield code="a">Rojas Reyes, N&#xE9;stor Ricardo</subfield>
    <subfield code="4">aut</subfield>
    <subfield code="e">aut</subfield>
    <subfield code="9">590424</subfield>
  </datafield>
  <datafield tag="700" ind1="1" ind2="0">
    <subfield code="a">Quitian Chila, Gali Ronel</subfield>
    <subfield code="4">aut</subfield>
    <subfield code="e">aut</subfield>
    <subfield code="9">714962</subfield>
  </datafield>
  <datafield tag="773" ind1="0" ind2=" ">
    <subfield code="t">DYNA (Medell&#xED;n)</subfield>
    <subfield code="g">Volumen 083, N&#xFA;mero 195, Febrero 2016                                                           , 105-111</subfield>
    <subfield code="w">188384</subfield>
    <subfield code="x">0012-7353</subfield>
    <subfield code="0">82258</subfield>
  </datafield>
  <datafield tag="942" ind1=" " ind2=" ">
    <subfield code="c">ARIMP</subfield>
  </datafield>
  <datafield tag="999" ind1=" " ind2=" ">
    <subfield code="c">745537</subfield>
    <subfield code="d">745537</subfield>
  </datafield>
</record>
